Practical aspects of gas chromatography/mass spectrometry (Record no. 39190)

MARC details
000 -LEADER
fixed length control field 00307nam a2200109Ia 4500
082 ## - DEWEY DECIMAL CLASSIFICATION NUMBER
Classification number 543.544
Item number MES
100 ## - MAIN ENTRY--AUTHOR NAME
Personal name Message, Gordon M
245 #0 - TITLE STATEMENT
Title Practical aspects of gas chromatography/mass spectrometry
260 ## - PUBLICATION, DISTRIBUTION, ETC. (IMPRINT)
Place of publication New York
Name of publisher John Wiley
Year of publication 1984
942 ## - ADDED ENTRY ELEMENTS (KOHA)
Koha item type Books
Holdings
Withdrawn status Lost status Damaged status Not for loan Home library Current library Date acquired Cost, normal purchase price Full call number Accession Number Koha item type
        RRII Library RRII Library 16/12/2021 741.56 543.544 MES 19534 Books